ბათუმის შოთა რუსთაველის სახელმწიფო უნივერსიტეტის ბიბლიოთეკა

მეხილეობა (ბიბ.ჩანაწერი № 44501)

000 -LEADER
fixed length control field 00892nam a2200229Ia 4500
001 - CONTROL NUMBER
control field 11299
003 - CONTROL NUMBER IDENTIFIER
control field GE_BSU
008 - FIXED-LENGTH DATA ELEMENTS--GENERAL INFORMATION
fixed length control field 181216s||||||||xx |||||||||||||| ||und||
040 ## - CATALOGING SOURCE
Transcribing agency GE_BSU
080 ## - UNIVERSAL DECIMAL CLASSIFICATION NUMBER
Universal Decimal Classification number 634(075.32)
100 ## - MAIN ENTRY--PERSONAL NAME
Personal name ხომიზურაშვილი ნ.ვ.
245 ## - TITLE STATEMENT
Title მეხილეობა
245 ## - TITLE STATEMENT
Remainder of title სახელმძღ. სოფლის მეურნეობის მეორე თანრიგის ოსტატათა მოსამზადებლად. სამწლიანი აგროზოოტექნიკური კურსები
245 ## - TITLE STATEMENT
Statement of responsibility, etc. რედ: ი. ჭიპაშვილი
260 ## - PUBLICATION, DISTRIBUTION, ETC.
Place of publication, distribution, etc. თბილისი
260 ## - PUBLICATION, DISTRIBUTION, ETC.
Name of publisher, distributor, etc. სახელგამის
260 ## - PUBLICATION, DISTRIBUTION, ETC.
Date of publication, distribution, etc. 1955
300 ## - PHYSICAL DESCRIPTION
Extent 282გვ.22სმ.
300 ## - PHYSICAL DESCRIPTION
Accompanying material ილ.
653 ## - INDEX TERM--UNCONTROLLED
Uncontrolled term მეხილეობა
942 ## - ADDED ENTRY ELEMENTS (KOHA)
Koha item type წიგნი
ეგზემპლარები
Withdrawn status Lost status Damaged status Not for loan Date acquired Barcode Date last seen Price effective from Koha item type
        2018-12-17 19936 2018-12-17 2018-12-17 წიგნი